[Event "Hastings op9394"]
[Site "Hastings"]
[Date "1993.??.??"]
[Round "?"]
[White "Rossiter, Philip J"]
[Black "Flear, Glenn C"]
[Result "1/2-1/2"]
[WhiteElo "2270"]
[BlackElo "2510"]

1.d4 d5 2.c4 e6 3.Nf3 Nf6 4.Nc3 c6 5.e3 Nbd7 6.Bd3 dxc4 7.Bxc4 b5 8.Bb3 b4
9.Ne2 Bb7 10.O-O Bd6 11.Nf4 O-O 12.Ng5 Bxf4 13.exf4 h6 14.Nf3 c5 15.Be3 Rc8
16.Rc1 Qe7 17.Re1 cxd4 18.Nxd4 Rxc1 19.Qxc1 Rc8 20.Qd2 Qd6 21.f3 a5 22.Qf2 Bd5
23.Ba4 Nc5 24.Rc1 Qb8 25.Qc2 Bb7 26.Bc6 Ncd7 27.Qa4 Nb6 28.Qxa5 Nbd5 29.Bd2 Kh8
30.Bxb7 Qxb7 31.Rxc8+ Qxc8 32.Qb5 Qc7 33.Nc6 Nxf4 34.Nxb4 Qd6 35.Bxf4 Qxf4
36.Qc5 Qd2 37.Qc3 Qe2 38.a3 e5 39.Qc8+ Ng8 40.Qc3 e4 41.fxe4 Nf6 42.Nd3 Nxe4
43.Qc8+ Kh7 44.Qf5+ Kg8 45.Qf3 Qxf3 46.gxf3 Nd2 47.Kf2 Nb3 48.Ke3 Kf8 49.Ne5 Ke7
50.Nc6+ Kf6 51.Nd4 Nc5 52.b4 Na4 53.Nc6 g5 54.Ke4 h5 55.Nd4 Nc3+ 56.Kd3 Na4
57.Nb3 Ke5 58.Nc5 Nb6 59.a4 f5 60.a5 Nd5 61.b5 g4 62.fxg4 fxg4 63.Ne4 Nc7
64.b6 Na6 65.Nf2 Kd5 66.Ke3 Kc5 67.Kf4 Kb5 68.Nxg4 hxg4 69.Kxg4 Kxa5 70.h4 Kxb6
71.h5 Nc5 72.h6 Nd7 73.Kg5 Nf8 74.Kf6 Kc6 75.Kg7 Ne6+ 76.Kg8 Ng5 77.Kg7 Kd6
78.Kg6 Ne6 79.Kf6 Nf8 80.Kg7 Ne6+ 81.Kg8  1/2-1/2

[Event "Hastings op9394"]
[Site "Hastings"]
[Date "1993.??.??"]
[Round "?"]
[White "Sher, Miron N"]
[Black "Sherbakov, Ruslan"]
[Result "0-1"]
[WhiteElo "2500"]
[BlackElo "2570"]

1.Nf3 d5 2.d4 c6 3.c4 Nf6 4.Nc3 e6 5.e3 Nbd7 6.Qc2 Bd6 7.Be2 O-O 8.O-O b6
9.e4 Nxe4 10.Nxe4 dxe4 11.Qxe4 Bb7 12.Bd3 g6 13.Bh6 Re8 14.Rfe1 Rb8 15.Bg5 Qc7
16.Qh4 c5 17.Be4 cxd4 18.Bxb7 Qxb7 19.Nxd4 Bf8 20.Rad1 a6 21.Qe4 Qxe4 22.Rxe4 h6
23.Bh4 Nc5 24.Re2 g5 25.Bg3 Rbc8 26.b3 Red8 27.f3 Rd7 28.Red2 Bg7 29.Nc2 Rxd2
30.Rxd2 b5 31.Ne3 Bc3 32.Rd1 f5 33.Bf2 f4 34.Nf1 bxc4 35.bxc4 a5 36.Rc1 Bb4
37.Rc2 Rd8 38.g3 Rd3 39.Kg2 g4 40.fxg4 f3+ 41.Kg1 e5 42.Ne3 e4 43.h4 Bd2
44.Rxd2 Rxd2 45.Nf1 e3 46.Bxe3 Rg2+ 47.Kh1 Ne4 48.c5 Nf2+ 49.Bxf2 Rxf2 50.Nh2 Rxa2
51.Nxf3 Rc2  0-1

[Event "Hastings op9394"]
[Site "Hastings"]
[Date "1993.??.??"]
[Round "?"]
[White "Flear, Glenn C"]
[Black "Volzhin, Alexander"]
[Result "1/2-1/2"]
[WhiteElo "2510"]
[BlackElo "2410"]

1.d4 d5 2.c4 c6 3.Nc3 Nf6 4.e3 e6 5.Nf3 Nbd7 6.Qc2 Bd6 7.Bd2 O-O 8.cxd5 exd5
9.O-O-O c5 10.dxc5 Nxc5 11.Be1 Be6 12.Nd4 Rc8 13.f3 a6 14.Kb1 b5 15.Qd2 b4
16.Nce2 a5 17.Bg3 Na4 18.Bxd6 Qxd6 19.Rc1 Nb6 20.Nf4 Rxc1+ 21.Qxc1 Rc8 22.Qd1 Qe5
23.Ba6 Rc7 24.Qe2 Bf5+ 25.Ka1 g6 26.g4 Bd7 27.h4 Nc4 28.Rc1 Nxe3 29.Rxc7 Qxf4
30.Nb5 Nc4 31.Qe1 Kg7 32.Rc5 Qh2 33.Qc1 Qf2 34.Rc7 Bxb5 35.Bxb5 Qb6 36.Rxc4 dxc4
37.Bxc4 Qc6 38.Qf4 Qd7 39.b3 Qd1+ 40.Kb2 Qe1 41.g5 Qc3+ 42.Kb1 Nd5 43.Bxd5 Qd3+
44.Kc1 Qxd5 45.Kb2  1/2-1/2

[Event "Hastings op9394"]
[Site "Hastings"]
[Date "1993.??.??"]
[Round "?"]
[White "Leroy, Adrien"]
[Black "Sherbakov, Ruslan"]
[Result "0-1"]
[WhiteElo "2075"]
[BlackElo "2570"]

1.d4 d5 2.Nf3 Nf6 3.c4 e6 4.Nc3 c6 5.e3 Nbd7 6.Bd3 dxc4 7.Bxc4 b5 8.Be2 Bb7
9.O-O a6 10.a3 c5 11.dxc5 Bxc5 12.b4 Be7 13.Bb2 O-O 14.Qb3 Qb8 15.h3 Rc8
16.Nd2 Ne5 17.Rfd1 Bc6 18.f4 Ng6 19.Nf3 Qb7 20.Rd2 Bd8 21.Nd4 Bxg2 22.Bxb5 Bxh3
23.Bc4 Bb6 24.Kh2 Bxd4  0-1

[Event "Helsinki-ch"]
[Site "Helsinki"]
[Date "1993.??.??"]
[Round "?"]
[White "Kanko, Ilkka"]
[Black "Pulkkinen, Kari"]
[Result "1/2-1/2"]
[WhiteElo "2330"]
[BlackElo "2265"]

1.d4 d5 2.c4 c6 3.Nf3 Nf6 4.Nc3 e6 5.e3 Nbd7 6.Qc2 Bd6 7.Be2 O-O 8.O-O dxc4
9.Bxc4 Qe7 10.e4 e5 11.h3 exd4 12.Nxd4 Nc5 13.Nf5 Bxf5 14.exf5 Rfe8 15.Bd2 Nfe4
16.Nxe4 Nxe4 17.Rae1 Qh4 18.Bc1 Nxf2 19.Rxe8+ Rxe8 20.Bxf7+ Kxf7 21.Qxf2 Qc4
22.Qf3 Kg8 23.b3 Qe2 24.Bf4 Bc5+  1/2-1/2

[Event "Helsinki-ch"]
[Site "Helsinki"]
[Date "1993.??.??"]
[Round "?"]
[White "Manninen, Marko"]
[Black "Sammalvuo, Tapani"]
[Result "1/2-1/2"]
[WhiteElo "2380"]
[BlackElo "2280"]

1.d4 d5 2.c4 c6 3.Nc3 Nf6 4.Nf3 e6 5.e3 Nbd7 6.Qc2 Bd6 7.Be2 O-O 8.O-O Qe7
9.e4 dxe4 10.Nxe4 Nxe4 11.Qxe4 e5 12.Bg5 Nf6 13.Bxf6 gxf6 14.Qh4  1/2-1/2

[Event "Helsinki"]
[Site "Helsinki"]
[Date "1993.??.??"]
[Round "3"]
[White "Manninen, Marko"]
[Black "Hakulinen, Esko Matti"]
[Result "1-0"]
[WhiteElo "2380"]
[BlackElo "2355"]

1.d4 d5 2.c4 e6 3.Nc3 Nf6 4.Nf3 c6 5.e3 Nbd7 6.Qc2 Bd6 7.Be2 O-O 8.O-O Re8
9.Rd1 Qe7 10.h3 b6 11.e4 dxe4 12.Nxe4 Nxe4 13.Qxe4 Bb7 14.Bf4 Bxf4 15.Qxf4 Rab8
16.Ne5 Nxe5 17.dxe5 Red8 18.Rd6 c5 19.Rad1 Rxd6 20.exd6 Qf6 21.d7 Rd8 22.Qc7 Be4
23.Qxa7 e5 24.Qc7 Kf8 25.Rd6 Qg5 26.Bf1 Bf5 27.Rxb6 Bxd7 28.Qxc5+ Ke8 29.h4 Qf5
30.Qb4 e4 31.c5 Rc8 32.Rb8 Qe5 33.Rxc8+ Bxc8 34.Qb5+ Ke7 35.b4 f5 36.Qc6 Bd7
37.Qb7 e3 38.c6 exf2+ 39.Kh1 Qf6 40.Qxd7+ Kf8 41.Qc8+ Ke7 42.Qc7+  1-0

[Event "Helsinki"]
[Site "Helsinki"]
[Date "1993.??.??"]
[Round "3"]
[White "Norri, Joose"]
[Black "Votruba, Pavel"]
[Result "0-1"]
[WhiteElo "2400"]
[BlackElo "2345"]

1.d4 d5 2.c4 e6 3.Nc3 Nf6 4.Nf3 c6 5.e3 Nbd7 6.Bd3 dxc4 7.Bxc4 b5 8.Bd3 Bb7
9.e4 b4 10.Na4 c5 11.e5 Nd5 12.O-O cxd4 13.Nxd4 g6 14.Qg4 Nc7 15.Nb5 Nxe5
16.Qg3 f6 17.Bf4 Nxb5 18.Bxe5 Nd6 19.Rfe1 Kf7 20.Nc5 Bd5 21.Bd4 Nf5 22.Bxf5 gxf5
23.Qh4 h5 24.Rad1 Bxc5 25.Bxc5 Qd7 26.Bxb4 Rag8 27.f3 Qb7 28.Bc3 Rg6 29.Kf2 Qb6+
30.Qd4 Rhg8 31.g3 Qb7 32.Re3 Kg7 33.Rde1 h4 34.Qxh4 Rh8 35.Qf4 Rxh2+ 36.Kg1 Rh3
37.Kf2 Rh2+ 38.Kg1 Rh3 39.Kf2 Rhxg3 40.Rh1 Rg2+ 41.Ke1 Rg1+ 42.Rxg1 Rxg1+
43.Kf2 Rg6 44.a3 Kf7 45.Qh4 Kg7 46.Qf4 Kf7 47.Qd6 Qc8 48.Re1 Qb7 49.Bd4 Rg8
50.b4 a6 51.Rc1 Rc8 52.Rh1 Qc6 53.Rh7+ Kg6 54.Qe7 Qc2+ 55.Kg3 f4+ 56.Kxf4 Qf5+
57.Ke3 Qxf3+ 58.Kd2 Qg2+ 59.Ke3 Qe4+  0-1

[Event "Heraklio op"]
[Site "Heraklio"]
[Date "1993.??.??"]
[Round "3"]
[White "Ulibin, Mikhail"]
[Black "Kosic, Dragan"]
[Result "1/2-1/2"]
[WhiteElo "2560"]
[BlackElo "2495"]

1.d4 d5 2.c4 c6 3.Nf3 Nf6 4.Nc3 e6 5.e3 Nbd7 6.Bd3 Bb4 7.O-O O-O 8.Bd2 Qe7
9.a3 Bd6 10.e4 dxc4 11.Bxc4 e5 12.Bg5 exd4 13.Nxd4 Ne5 14.Ba2  1/2-1/2

[Event "Heraklio op"]
[Site "Heraklio"]
[Date "1993.??.??"]
[Round "3"]
[White "Grivas, Efstratios"]
[Black "Arakhamia, Ketevan"]
[Result "0-1"]
[WhiteElo "2505"]
[BlackElo "2440"]

1.d4 d5 2.c4 c6 3.Nf3 Nf6 4.e3 e6 5.Nc3 Nbd7 6.Qc2 Bd6 7.Be2 O-O 8.O-O e5
9.cxd5 cxd5 10.dxe5 Nxe5 11.Rd1 Nxf3+ 12.Bxf3 Qc7 13.h3 Bh2+ 14.Kh1 Be5 15.Bd2 Be6
16.Be1 Rfd8 17.Qe2 a6 18.Rac1 Rac8 19.Kg1 Bh2+ 20.Kh1 Be5 21.Kg1 Qd7 22.e4 d4
23.Nd5 Rxc1 24.Rxc1 Bxd5 25.exd5 Qf5 26.Bd2 d3 27.Qe3 Re8 28.Qg5 Qxg5 29.Bxg5 Bxb2
30.Rd1 Nd7 31.Rxd3 Re1+ 32.Kh2 Ne5 33.Rb3 Nxf3+ 34.gxf3 Be5+ 35.f4 Bd6 36.Rxb7 f6
37.Rd7 Bc5 38.Bh4 Ra1 39.f5 Rxa2 40.Kg2 Rd2 41.Bg3 a5 42.Rd8+ Kf7 43.Ra8 Rxd5
44.Rxa5 Rxf5 45.Rb5 h5 46.Rb7+ Kg6 47.Rb5 Kh6 48.Bf4+ Kg6 49.Bg3 Kg5 50.h4+ Kg6
51.f3 Bd4 52.Rxf5 Kxf5 53.Bd6 Ke6 54.Bf8 f5 55.Bb4 Kd5 56.Kg3 Be5+ 57.Kg2 Kd4
58.Ba5 Ke3 59.Bb6+ Ke2 60.Bc5 Bf6 61.Kg3 Bc3 62.Kg2 Bf6 63.Kg3 Kf1 64.Bd6 g6
65.f4 Ke2 66.Bb4 Ke3 67.Bf8 Bc3  0-1

[Event "HUN-chT2"]
[Site "HUN"]
[Date "1993.??.??"]
[Round "?"]
[White "Videki, Sandor"]
[Black "Kiss, Pal"]
[Result "1-0"]
[WhiteElo "2415"]
[BlackElo "2390"]

1.c4 c6 2.d4 d5 3.Nf3 Nf6 4.Nc3 e6 5.e3 Nbd7 6.Bd3 dxc4 7.Bxc4 b5 8.Bd3 a6
9.e4 c5 10.e5 cxd4 11.Nxb5 Nxe5 12.Nxe5 axb5 13.Bxb5+ Bd7 14.Nxd7 Qa5+ 15.Bd2 Qxb5
16.Nxf8 Rxf8 17.b3 Qd3 18.Qf3 Qe4+ 19.Qxe4 Nxe4 20.Bb4 Rg8 21.O-O Rb8 22.Rfc1 Kd7
23.Rc4 e5 24.Re1 Nd6 25.Bxd6 Kxd6 26.Rec1 Rb7 27.Ra4 Rgb8 28.Rcc4 Rb5 29.Kf1 R8b7
30.Ke2 Kd5 31.f3 f6 32.Kd2 Rc5 33.Rxc5+ Kxc5 34.Kd3 Rc7 35.Rc4+ Kb6 36.Rxc7 Kxc7
37.Kc4 Kb6 38.b4 Ka6 39.a3 Kb7 40.a4 Kb6 41.g3 g6 42.h4 h6 43.g4 h5 44.a5+ Ka6
45.gxh5 gxh5 46.f4 Ka7 47.b5 Kb7 48.b6 Kc6 49.f5 Kb7 50.Kb5 d3 51.a6+  1-0

[Event "HUN-chT2"]
[Site "HUN"]
[Date "1993.??.??"]
[Round "?"]
[White "Prantner, Janos"]
[Black "Korosparti, Sandor"]
[Result "0-1"]
[WhiteElo "2315"]
[BlackElo "2250"]

1.d4 d5 2.Nf3 Nf6 3.c4 c6 4.Nc3 e6 5.e3 Bd6 6.c5 Be7 7.Qa4 O-O 8.Bd3 Qc7
9.b4 Nbd7 10.Qc2 e5 11.Bf5 e4 12.Nd2 Nxc5 13.Bxh7+ Nxh7 14.bxc5 f5 15.f4 g5
16.Ne2 b6 17.Nb3 Ba6 18.g3 Bc4 19.Bb2 Rf6 20.O-O-O a5 21.Nc3 a4 22.Na1 a3  0-1

[Event "HUN-chT2"]
[Site "HUN"]
[Date "1993.??.??"]
[Round "?"]
[White "Sarosi, Zoltan"]
[Black "Kovacs, Gabor M"]
[Result "1-0"]
[WhiteElo "2325"]
[BlackElo "2320"]

1.d4 d5 2.Nf3 Nf6 3.c4 e6 4.Nc3 c6 5.e3 Bd6 6.Bd3 Nbd7 7.O-O O-O 8.e4 dxe4
9.Nxe4 Nxe4 10.Bxe4 Nf6 11.Bc2 c5 12.b3 cxd4 13.Qxd4 Be7 14.Qh4 Bd7 15.Bb2 h6
16.Rad1 Qe8 17.Ne5 Rd8 18.Ng4 Nh7 19.Qxh6  1-0

[Event "HUN-chT2"]
[Site "HUN"]
[Date "1993.??.??"]
[Round "?"]
[White "Szabo, Peter"]
[Black "Gallai, Janos"]
[Result "1/2-1/2"]
[WhiteElo "2275"]
[BlackElo "2300"]

1.d4 d5 2.Nf3 e6 3.c4 c6 4.Nc3 Nf6 5.e3 Bd6 6.Bd3 Nbd7 7.O-O O-O 8.h3 Re8
9.Re1 Bb4 10.Qc2 dxc4 11.Bxc4 c5 12.a3 cxd4 13.exd4 Bxc3 14.bxc3 b6 15.Bf4 Bb7
16.Be2 Rc8 17.c4  1/2-1/2

[Event "HUN-chT2"]
[Site "HUN"]
[Date "1993.??.??"]
[Round "?"]
[White "Lengyel, Ferenc"]
[Black "Frank, Jozsef"]
[Result "1-0"]
[WhiteElo "2285"]
[BlackElo "2335"]

1.d4 d5 2.Nf3 Nf6 3.c4 c6 4.Nc3 e6 5.e3 Be7 6.Bd3 a6 7.e4 dxe4 8.Nxe4 Nxe4
9.Bxe4 Nd7 10.O-O Nf6 11.Bc2 c5 12.Qe2 cxd4 13.Rd1 Qc7 14.Rxd4 O-O 15.Bf4 Qa5
16.Be5 b5 17.Bxf6 Bxf6 18.Qe4 g6 19.Qxa8 Bxd4 20.Nxd4 e5 21.Nb3 Qc7 22.Qd5 Bb7
23.Qc5 Qd7 24.Qxe5 Qg4 25.Qg3 Qxc4 26.Bd3 Qd5 27.Be2 Rd8 28.h4 Qf5 29.Qg5 Qc8
30.Rd1 Re8 31.h5 Qc2 32.Nd4 Qxb2 33.h6 Qxa2 34.Qf6 Kf8 35.Bxb5 axb5 36.Qh8+ Ke7
37.Re1+ Qe6 38.Rxe6+ fxe6 39.Qxh7+  1-0

[Event "HUN-chT2"]
[Site "HUN"]
[Date "1993.??.??"]
[Round "?"]
[White "Halasz, Tamas"]
[Black "Videki, Sandor"]
[Result "1/2-1/2"]
[WhiteElo "2385"]
[BlackElo "2415"]

1.d4 d5 2.c4 c6 3.Nc3 Nf6 4.e3 e6 5.Nf3 Nbd7 6.Bd3 dxc4 7.Bxc4 b5 8.Bd3 Bb7
9.e4 b4 10.Na4 c5 11.e5 Nd5 12.dxc5 Rc8 13.O-O Bxc5 14.Nxc5 Nxc5 15.Bb5+  1/2-1/2

[Event "HUN-chT2"]
[Site "HUN"]
[Date "1993.??.??"]
[Round "?"]
[White "Ezsol, Miklos"]
[Black "Kiss, Pal"]
[Result "1/2-1/2"]
[WhiteElo "2340"]
[BlackElo "2390"]

1.d4 d5 2.Nf3 Nf6 3.c4 e6 4.Nc3 c6 5.e3 Nbd7 6.Bd3 dxc4 7.Bxc4 b5 8.Bd3 a6
9.e4 c5 10.e5 cxd4 11.Nxb5 Nxe5 12.Nxe5 axb5 13.Bxb5+ Bd7 14.Nxd7 Qa5+ 15.Bd2 Qxb5
16.Nxf8 Rxf8 17.a4 Qc4 18.b3 Qd3 19.Bb4 Qe4+ 20.Qe2 Rg8 21.a5 Kd7 22.Qxe4 Nxe4
23.O-O-O e5 24.Rhe1 Nxf2 25.Rd2 Rgb8 26.Rxf2 Rxb4 27.Rxe5 f6 28.Rh5 h6 29.Kb2 Rab8
30.Rf3 R8b5 31.Rxb5 Rxb5 32.Rd3 Rxa5 33.Rxd4+ Kc6 34.Rc4+ Kb6 35.Rb4+ Kc6
36.Rc4+ Kb6 37.h4 Re5 38.Rg4 Re2+ 39.Kc3 g5 40.hxg5 hxg5 41.Kd3 Rb2 42.Ke4 Rf2
43.Ke3 Rb2 44.Ke4 Rf2 45.Ke3  1/2-1/2

[Event "HUN-chT"]
[Site "HUN"]
[Date "1993.??.??"]
[Round "?"]
[White "Groszpeter, Attila"]
[Black "Almasi, Istvan"]
[Result "1-0"]
[WhiteElo "2525"]
[BlackElo "2385"]

1.d4 d5 2.c4 c6 3.Nc3 Nf6 4.e3 e6 5.Nf3 Nbd7 6.Bd3 dxc4 7.Bxc4 b5 8.Bd3 Bb7
9.O-O a6 10.e4 c5 11.e5 Nd5 12.Ng5 Nxc3 13.bxc3 Be7 14.h4 cxd4 15.cxd4 Nb6
16.Be3 Qd7 17.Qg4 h6 18.Ne4 O-O-O 19.Rfb1 f5 20.exf6 gxf6 21.Rc1+ Kb8 22.Qg3+ Ka8
23.Rc7 Qe8 24.a4 b4 25.Bb5 Qg8 26.Rxe7 Qxg3 27.fxg3 Bxe4 28.Rxe6 axb5 29.Rxb6 Rd7
30.d5 Ra7 31.Rxb5 Ra6 32.Rxb4 Bxd5 33.Bb6 Rg8 34.Ra3 Rc8 35.Rd3 Bb7 36.Rd2 h5
37.a5 f5 38.Kh2 Be4 39.Rbd4 Kb7 40.Rd7+ Kc6 41.Rh7 Raa8 42.Rd4 Kb5 43.Rxh5 Rh8
44.Rxf5+ Bxf5 45.Rd5+ Ka6 46.Rxf5 Rac8 47.h5  1-0

[Event "HUN-chT"]
[Site "HUN"]
[Date "1993.??.??"]
[Round "?"]
[White "Mann, Gerald"]
[Black "Csom, Etelka"]
[Result "1/2-1/2"]
[WhiteElo "2250"]
[BlackElo "2085"]

1.d4 d5 2.c4 c6 3.Nf3 Nf6 4.Nc3 e6 5.e3 Nbd7 6.Be2 Bd6 7.O-O O-O 8.Qc2 e5
9.cxd5 cxd5 10.Nb5 Bb8 11.dxe5 Nxe5 12.b3 Nxf3+ 13.Bxf3 Be6 14.Rd1 Qb6 15.Nc3 Rd8
16.Bb2 Bd6 17.Na4 Qa5 18.Qd2  1/2-1/2

[Event "HUN-chT2"]
[Site "HUN"]
[Date "1993.??.??"]
[Round "?"]
[White "Bauer, Tamas"]
[Black "Bartha, Sandor"]
[Result "1-0"]
[WhiteElo "2335"]
[BlackElo "2280"]

1.c4 c6 2.d4 d5 3.e3 Nf6 4.Nc3 e6 5.Nf3 Be7 6.Bd3 dxc4 7.Bxc4 O-O 8.O-O b5
9.Bd3 Bb7 10.a3 a6 11.e4 Nbd7 12.b4 a5 13.Rb1 axb4 14.axb4 Nb6 15.Qc2 h6
16.Rd1 Qb8 17.Qe2 Rd8 18.e5 Nfd5 19.Qe4 g6 20.Nxd5 cxd5 21.Qf4 Bf8 22.Qh4 Kh7
23.g4 Nc4 24.Bxh6 Kg8 25.Bg5 Bg7 26.Bxd8 Qxd8 27.Qxd8+ Rxd8 28.Ra1 Bf8 29.Rdb1 Rb8
30.Kg2 Be7 31.h4 Kg7 32.Kg3 Bd8 33.Ra2 Bb6 34.Rh1 Bd8 35.h5 Be7 36.Rb1 gxh5
37.gxh5 Kh6 38.Nh2 Kxh5 39.Ng4 Rg8 40.Rh1+ Kg5 41.f4+  1-0

[Event "HUN-chT"]
[Site "HUN"]
[Date "1993.??.??"]
[Round "?"]
[White "Farago, Ivan"]
[Black "Kallai, Gabor"]
[Result "1-0"]
[WhiteElo "2510"]
[BlackElo "2450"]

1.d4 d5 2.c4 c6 3.Nc3 Nf6 4.e3 e6 5.Nf3 Nbd7 6.Qc2 Bd6 7.Be2 O-O 8.O-O dxc4
9.Bxc4 b5 10.Bd3 Bb7 11.e4 e5 12.dxe5 Nxe5 13.Nxe5 Bxe5 14.h3 a6 15.Be3 Qe7
16.Ne2 Rfd8 17.Rad1 h6 18.f4 Bb8 19.Ng3 Qe8 20.Qf2 Bc7 21.e5 Nd5 22.Bc5 Bc8
23.Rfe1 Rb8 24.Ne4 Bf5 25.Nd6 Bxd6 26.Bxd6 Bxd3 27.Bxb8 Bf5 28.Bd6 h5 29.Rc1 Qe6
30.Rxc6 Nb4 31.Rc3 Nd3 32.Qh4 Rxd6 33.exd6 Nxe1 34.Qe7 Qd5 35.Qxe1 Qxd6 36.Qe8+ Kh7
37.Qxf7 Bg6 38.Qc7 Qd4+ 39.Kh2 b4 40.Rg3 Qxb2 41.Rg5 Qd2 42.Qe5 a5 43.h4 Qf2
44.Kh3 Qa7 45.f5  1-0

[Event "HUN-chT"]
[Site "HUN"]
[Date "1993.??.??"]
[Round "?"]
[White "Pinter, Jozsef"]
[Black "Chernin, Alexander"]
[Result "0-1"]
[WhiteElo "2590"]
[BlackElo "2600"]

1.d4 d5 2.c4 c6 3.Nc3 Nf6 4.e3 e6 5.Nf3 Nbd7 6.Bd3 dxc4 7.Bxc4 b5 8.Bd3 Bb7
9.e4 b4 10.Na4 c5 11.e5 Nd5 12.dxc5 Qa5 13.O-O Bxc5 14.Nxc5 Nxc5 15.Bc2 Rd8
16.Nd4 Ne7 17.Be3 O-O 18.Qh5 Ng6 19.f4 Nd7 20.Qh3 Rfe8 21.Nb3 Qc7 22.Rac1 Qb8
23.Na5 Nb6 24.Qg3 Qa8 25.Nxb7 Qxb7 26.Qf2 Nd5 27.Bd2 Rc8 28.Be4 a5 29.g3 Nge7
30.Rc5 Rxc5 31.Qxc5 Qa6 32.Re1 Rc8 33.Qf2 h5 34.h3 a4 35.a3 bxa3 36.bxa3 Qc4
37.Kh2 Qb3 38.Bc1 Nf5 39.g4 hxg4 40.hxg4 Nh6 41.Qg2 Qc3 42.Rf1 Ne3 43.Bxe3 Qxe3
44.g5 Ng4+ 45.Qxg4 Qxe4 46.Qf3 Qf5 47.Rf2 g6 48.Rd2 Kg7 49.Kg3 Rh8 50.Qg2 Rb8
51.Qh2 Qb1 52.Rf2 Rh8 53.Qg2 Rh1 54.Qf3 Qg1+ 55.Qg2 Qc1 56.Qf3 Re1 57.Kh4 Re3  0-1

[Event "HUN-ch"]
[Site "HUN"]
[Date "1993.??.??"]
[Round "3"]
[White "Horvath, Jozsef"]
[Black "Varga, Zoltan"]
[Result "1/2-1/2"]
[WhiteElo "2545"]
[BlackElo "2475"]

1.d4 d5 2.c4 c6 3.Nc3 Nf6 4.e3 e6 5.Nf3 Nbd7 6.Bd3 dxc4 7.Bxc4 b5 8.Bd3 a6
9.e4 c5 10.e5 cxd4 11.Nxb5 Ng4 12.Qa4 Bb7 13.Nbxd4 Qb6 14.O-O Bc5 15.Be3 Rd8
16.Nxe6 Qxe6 17.Bxc5 Bc6 18.Qf4 Bxf3 19.gxf3 Ngxe5 20.Rfe1 Nxd3 21.Rxe6+ fxe6
22.Qc4 N7xc5 23.b4 Rd5 24.bxc5 Nxc5 25.Qf4 Rf8 26.Qc7 Rf7 27.Qc6+ Ke7 28.Re1 Rff5
29.f4 h6 30.Re3 Rd6 31.Qc7+ Rd7 32.Qc8 Nd3 33.Rg3 Rf7 34.Qxa6 Nxf4 35.h4 Rd1+
36.Kh2 Nd5 37.Qa3+ Kd8 38.Qa5+ Nc7 39.Kg2 Rd5 40.Qb6 Rd2 41.a4 g5 42.hxg5 hxg5
43.Rxg5 Kd7 44.Rg4 Rc2 45.Re4 Rg7+ 46.Kf1 Rg5 47.Rh4 Rgc5 48.Rh7+ Kc8 49.a5 Rc6
50.Rh8+ Kd7 51.Qd4+ Nd5 52.Qg7+ Kd6 53.Qf8+ Ke5 54.Qg7+ Kd6 55.Qf8+ Ke5 56.Rh5+ Ke4
57.Rh4+ Ke5 58.Qh8+ Kd6 59.Qf8+ Ke5 60.Qh8+ Kd6 61.Qf8+ Ke5  1/2-1/2

[Event "Jakarta Interzonal (Women)"]
[Site "Jakarta"]
[Date "1993.??.??"]
[Round "?"]
[White "Galliamova, Alisa"]
[Black "Arakhamia, Ketevan"]
[Result "1/2-1/2"]
[WhiteElo "2435"]
[BlackElo "2440"]

1.d4 d5 2.c4 c6 3.Nc3 Nf6 4.Nf3 e6 5.e3 Nbd7 6.Qc2 Bd6 7.Be2 O-O 8.O-O e5
9.cxd5 cxd5 10.dxe5 Nxe5 11.Rd1 Nxf3+ 12.Bxf3 Qc7 13.h3 Bh2+ 14.Kh1 Be5 15.Bd2 Be6
16.Be1 Rfd8 17.Rac1 Rac8 18.a3 Qd7 19.Kg1  1/2-1/2

[Event "Jakarta Interzonal (Women)"]
[Site "Jakarta"]
[Date "1993.??.??"]
[Round "?"]
[White "Galliamova, Alisa"]
[Black "Peng, Zhaoqin"]
[Result "1-0"]
[WhiteElo "2435"]
[BlackElo "2335"]

1.d4 d5 2.c4 c6 3.e3 Nf6 4.Nc3 e6 5.Nf3 Nbd7 6.Qc2 Bd6 7.Be2 O-O 8.O-O dxc4
9.Bxc4 b5 10.Be2 Bb7 11.e4 e5 12.Bg5 exd4 13.Nxd4 Qc7 14.g3 Rfe8 15.Bf3 h6
16.Bd2 a6 17.Nf5 Be5 18.a4 Nb6 19.Bg2 Nc4 20.f4 Rad8 21.Bc1 Qb6+ 22.Kh1 Bd4
23.e5 Ng4 24.Ne4 c5 25.Qe2 Qg6 26.Nh4 Qh7 27.Nf6+ Nxf6 28.Bxb7 Nd5 29.Bxa6 Nce3
30.Bxe3 Nxe3 31.Rf3 g5 32.Bxb5 gxh4 33.Bxe8 Rxe8 34.Rxe3 Bxe3 35.Qxe3 hxg3
36.Rg1 Kh8 37.Qxg3 c4 38.f5 h5 39.h4 Ra8 40.Qg5 Re8 41.Qf6+  1-0

[Event "Jyvaskyla op"]
[Site "Jyvaskyla"]
[Date "1993.??.??"]
[Round "9"]
[White "Tsiganova, Monika"]
[Black "Koskinen, Henri"]
[Result "1/2-1/2"]
[WhiteElo "2300"]
[BlackElo "2275"]

1.d4 d5 2.c4 c6 3.Nf3 Nf6 4.e3 e6 5.Nc3 Nbd7 6.Qc2 Bd6 7.Be2 O-O 8.O-O Qe7
9.h3 Re8 10.Re1 e5 11.cxd5 Nxd5 12.e4 Nb4 13.Qb1 exd4 14.Nxd4 Nc5 15.a3 Nba6
16.b4 Be5 17.Be3 Ne6 18.Rd1 Qf6 19.Bxa6 Nxd4 20.Bf1 Ne6 21.Na4 Bxa1 22.Qxa1 Qxa1
23.Rxa1 Rd8 24.Rc1 b6 25.Nb2 Bb7 26.Nc4 Ba6 27.e5 Bxc4 28.Bxc4 Rac8 29.f4 g6
30.Kf2 Kg7 31.g4 Nd4 32.Bd3 Nb5 33.Be4 Nxa3 34.Bxc6 Rd3 35.f5 Rb3 36.e6 fxe6
37.fxe6 Kf6 38.e7 Kxe7 39.Bg5+ Kf8 40.Bh6+ Ke7 41.Bg5+ Ke6 42.Bd5+ Kxd5 43.Rxc8 Rxh3
44.Rc7 Nb5 45.Rd7+ Kc4 46.Kg2 Rd3 47.Rxh7 Rd5 48.Bf6 Kxb4 49.Rg7 a5 50.Rxg6 a4
51.Be7+ Ka5 52.Rg8 Nd4 53.g5 Ne6 54.g6 Kb5 55.Kf3 Kc4 56.Rc8+ Kb3 57.Ke4 Rd7
58.Bf6 b5 59.Ke5 Ng7 60.Bxg7 Rxg7 61.Kf6 Ra7 62.g7 Rxg7 63.Kxg7 a3 64.Kf6 b4
65.Ke5 Kb2 66.Kd4 a2 67.Ra8 b3 68.Kc4 a1=R 69.Rxa1 Kxa1 70.Kxb3  1/2-1/2

[Event "Katowice op"]
[Site "Katowice"]
[Date "1993.??.??"]
[Round "4"]
[White "Kazek, Krzysztof"]
[Black "Mnatsakanian, Eduard A"]
[Result "0-1"]
[WhiteElo "2295"]
[BlackElo "2405"]

1.Nf3 d5 2.c4 c6 3.e3 Nf6 4.Nc3 e6 5.d4 Nbd7 6.Qc2 Bd6 7.b3 O-O 8.Be2 dxc4
9.bxc4 e5 10.O-O Re8 11.Rd1 Qe7 12.a4 a5 13.c5 Bc7 14.Ba3 exd4 15.exd4 Nf8
16.Re1 Qd8 17.Qb3 Rb8 18.Rad1 Be6 19.Qc2 Nd5 20.Ne4 Bf5 21.Bd3 Bg4 22.Neg5 Rxe1+
23.Rxe1 g6 24.h3 Bxf3 25.Nxf3 Ne6 26.Bxg6 hxg6 27.Rxe6 Nf4 28.Re4 Qd5 29.Bc1 Ne6
30.h4 Rd8 31.Bg5 Rd7 32.Qe2 Kg7 33.g3 b5 34.cxb6 Bxb6 35.Bf4 Re7 36.Be5+ f6
37.Bf4 Kf7 38.Kh2 Rd7 39.Bh6 Bxd4 40.Nxd4 Nxd4 41.Qg4 Ne6 42.Re3 c5 43.Rf3 c4
44.Bc1 Rb7 45.Rc3 Rb4 46.Qe2 Nd4 47.Qe3 Rb3 48.Rxb3 cxb3 49.Qh6 Nf3+ 50.Kh3 Ne5
51.Kh2 Nf3+ 52.Kh3 Ne5 53.Qh7+ Ke8 54.Qh8+ Kd7 55.Qg7+ Qf7 56.Qxf7+ Nxf7
57.g4 Ne5 58.h5 gxh5 59.gxh5 Ke6 60.Bb2 Kf7 61.Bc3 Kg7  0-1

[Event "Katowice op"]
[Site "Katowice"]
[Date "1993.??.??"]
[Round "5"]
[White "Krasenkow, Michal"]
[Black "Chernikov, Oleg L"]
[Result "1-0"]
[WhiteElo "2560"]
[BlackElo "2400"]

1.d4 d5 2.c4 c6 3.Nc3 Nf6 4.e3 e6 5.Nf3 Bd6 6.Bd3 Nbd7 7.e4 dxe4 8.Nxe4 Nxe4
9.Bxe4 O-O 10.O-O h6 11.Bc2 e5 12.Qd3 f5 13.c5 Bc7 14.dxe5 Nxe5 15.Qb3+ Kh8
16.Re1 Nxf3+ 17.Qxf3 Qf6 18.Bf4 Bxf4 19.Qxf4 Qxb2 20.Bb3 Bd7 21.Qc7 Be8 22.Rab1 Qf6
23.Re6 Qg5 24.Re7 Bh5 25.f4 Qg6 26.Kh1 Rad8 27.Bf7 Qxf7 28.Rxf7 Bxf7 29.h3 Bxa2
30.Rxb7 Rg8 31.Rxa7 Bd5 32.Kg1 Rb8 33.Ra3 Rb1+ 34.Kh2 Rb2 35.Rg3 Be4 36.h4 Kh7
37.h5 Rbb8 38.Rg6 Rbf8 39.Qe7 Bd5 40.g4 fxg4 41.Rxg7+ Rxg7 42.Qxf8 g3+ 43.Kg1 g2
44.Qf5+ Kg8 45.Qf6 Rg3 46.Qxh6 Re3 47.Qg6+ Kf8 48.Qb1 Ke7 49.h6 Rh3 50.Qh7+ Kd8
51.Qh8+ Kc7 52.Qg7+ Kd8 53.h7 Rh1+ 54.Kf2 g1=Q+ 55.Qxg1 Rxh7 56.f5 Rf7 57.Qg5+ Kd7
58.Kg3 Rf8 59.Kf4 Be6 60.Qg6 Bd5 61.Qd6+ Ke8 62.f6 Rf7 63.Qb8+ Kd7 64.Ke5  1-0

[Event "Katowice op"]
[Site "Katowice"]
[Date "1993.??.??"]
[Round "7"]
[White "Yuferov, Sergey  N"]
[Black "Stripunsky, Alexander"]
[Result "1/2-1/2"]
[WhiteElo "2415"]
[BlackElo "2470"]

1.d4 d5 2.c4 c6 3.Nc3 Nf6 4.Nf3 e6 5.e3 Nbd7 6.Qc2 Bd6 7.b3 O-O 8.Be2 e5
9.cxd5 Nxd5 10.Bb2 Bb4 11.O-O Bxc3 12.Bxc3 e4 13.Nd2 f5 14.Bc4 Nf6 15.f3 Kh8
16.Bxd5 Nxd5 17.Rae1 exf3 18.Nxf3 Be6 19.Ne5 Qe7 20.Rf3 Rae8 21.Ref1 Nf6
22.Be1 Ne4 23.Nd3 Ng5 24.Rg3 Ne4 25.Rgf3 Qc7 26.Nc5 Nxc5 27.Qxc5 b6 28.Qc2 Qd7
29.Bg3 Rf7 30.Be5 Ref8 31.Qf2 Bd5 32.Rh3 Kg8 33.Qh4 h6 34.Qh5 Qe6 35.Rf4 Kh7
36.Rg3 c5 37.Qh3 b5 38.e4 cxd4 39.Bxg7 Rxg7 40.exd5 Qe1+ 41.Rf1 Rxg3 42.Qxg3 Qxg3
43.hxg3 Kg6 44.Rd1 Kf6 45.Rxd4 Ke5 46.Rh4 Rf6 47.a4 a6 48.axb5 axb5 49.Rh5 Ke4
50.Kf2 Ra6 51.Rh4+ Kxd5 52.Rf4 Ke5 53.Rb4 Rb6 54.Ke3 Rb8 55.Kf3  1/2-1/2

[Event "Katowice op"]
[Site "Katowice"]
[Date "1993.??.??"]
[Round "9"]
[White "Kaplun, Leonid I"]
[Black "Kuczynski, Robert"]
[Result "1/2-1/2"]
[WhiteElo "2390"]
[BlackElo "2525"]

1.d4 d5 2.c4 c6 3.Nc3 Nf6 4.e3 e6 5.Nf3 Nbd7 6.Bd3 dxc4 7.Bxc4 b5 8.Be2 b4
9.Na4 Bb7 10.O-O Be7 11.Ne1 c5 12.dxc5 Nxc5 13.Qxd8+ Rxd8 14.Nxc5 Bxc5 15.Nd3 Be7
16.f3 Ba6 17.Rd1 O-O 18.e4 Nd7 19.Be3 Nb6 20.b3 Rc8 21.Rac1 Rc3 22.Kf2  1/2-1/2

[Event "Kecskemet2"]
[Site "Kecskemet"]
[Date "1993.??.??"]
[Round "11"]
[White "Brunner, Lucas"]
[Black "Videki, Sandor"]
[Result "1-0"]
[WhiteElo "2475"]
[BlackElo "2385"]

1.d4 d5 2.c4 c6 3.Nc3 Nf6 4.e3 e6 5.Nf3 Nbd7 6.Qc2 Bd6 7.b3 O-O 8.Be2 Re8
9.O-O Qe7 10.Bb2 b6 11.e4 Nxe4 12.Nxe4 dxe4 13.Qxe4 Bb7 14.Ne5 Nf6 15.Qh4 c5
16.dxc5 bxc5 17.Rad1 Rad8 18.Bd3 Ne4 19.Qh3 f5 20.Bxe4 Bxe4 21.f3 Bxe5 22.Bxe5 Rxd1
23.Rxd1 Rd8 24.Re1 Bc2 25.Qg3 h6 26.h4 Rd7 27.Bc3 Rd1 28.Rxd1 Bxd1 29.Qe5 Qd7
30.Bb2 Bc2 31.Qxc5 Qd1+ 32.Kh2 Qe1 33.Qe7  1-0